Knowledge-based Neurocomputing : (Record no. 31919)
[ view plain ]
| 000 -LEADER | |
|---|---|
| fixed length control field | 01256cam a2200385 a 4500 |
| 001 - CONTROL NUMBER | |
| control field | 7140863 |
| 003 - CONTROL NUMBER IDENTIFIER | |
| control field | OSt |
| 005 - DATE AND TIME OF LATEST TRANSACTION | |
| control field | 20210907112806.0 |
| 008 - FIXED-LENGTH DATA ELEMENTS--GENERAL INFORMATION | |
| fixed length control field | 081031s2009 gw a b 001 0 eng |
| 020 ## - INTERNATIONAL STANDARD BOOK NUMBER | |
| International Standard Book Number | 9783540880769 |
| 024 ## - OTHER STANDARD IDENTIFIER | |
| Standard number or code | 40016541129 |
| 035 ## - SYSTEM CONTROL NUMBER | |
| System control number | (OCoLC)ocn269435337 |
| 035 ## - SYSTEM CONTROL NUMBER | |
| System control number | (OCoLC)269435337 |
| 035 ## - SYSTEM CONTROL NUMBER | |
| System control number | (NNC)7140863 |
| 038 ## - RECORD CONTENT LICENSOR | |
| Staff Name | khadija |
| 040 ## - CATALOGING SOURCE | |
| Original cataloging agency | UKM |
| Transcribing agency | UKM |
| Modifying agency | YDXCP |
| -- | NhCcYBP |
| 042 ## - AUTHENTICATION CODE | |
| Authentication code | ukblcatcopy |
| 050 #4 - LIBRARY OF CONGRESS CALL NUMBER | |
| Classification number | QA76.87 |
| Item number | .K65 2009 |
| 082 04 - DEWEY DECIMAL CLASSIFICATION NUMBER | |
| Classification number | 006.32 |
| Author Mark | KOL |
| 100 1# - MAIN ENTRY--PERSONAL NAME | |
| Personal name | Kolman, Eyal. |
| 9 (RLIN) | 82223 |
| 245 10 - TITLE STATEMENT | |
| Title | Knowledge-based Neurocomputing : |
| Remainder of title | A Fuzzy Logic Approach / |
| Statement of responsibility, etc. | Eyal Kolman and Michael Margaliot. |
| 260 ## - PUBLICATION, DISTRIBUTION, ETC. | |
| Place of publication, distribution, etc. | Berlin : |
| Name of publisher, distributor, etc. | Springer, |
| Date of publication, distribution, etc. | c2009. |
| 300 ## - PHYSICAL DESCRIPTION | |
| Extent | xv, 100 p. : |
| Other physical details | ill. ; |
| Dimensions | 25 cm. |
| 490 1# - SERIES STATEMENT | |
| Series statement | Studies in fuzziness and soft computing ; |
| Volume/sequential designation | v. 234 |
| 504 ## - BIBLIOGRAPHY, ETC. NOTE | |
| Bibliography, etc. note | Includes bibliographical references (p. [89]-98) and index. |
| 563 ## - BINDING INFORMATION | |
| Binding note | hardcover |
| 650 #0 - SUBJECT ADDED ENTRY--TOPICAL TERM | |
| Topical term or geographic name entry element | Neural networks (Computer science) |
| 9 (RLIN) | 18586 |
| 650 #0 - SUBJECT ADDED ENTRY--TOPICAL TERM | |
| Topical term or geographic name entry element | Fuzzy logic. |
| 9 (RLIN) | 60142 |
| 650 #0 - SUBJECT ADDED ENTRY--TOPICAL TERM | |
| Topical term or geographic name entry element | Knowledge representation (Information theory) |
| 9 (RLIN) | 82224 |
| 700 1# - ADDED ENTRY--PERSONAL NAME | |
| Personal name | Margaliot, Michael. |
| 9 (RLIN) | 82225 |
| 830 #0 - SERIES ADDED ENTRY--UNIFORM TITLE | |
| Uniform title | Studies in fuzziness and soft computing ; |
| Volume/sequential designation | v. 234. |
| 9 (RLIN) | 81701 |
| 942 ## - ADDED ENTRY ELEMENTS (KOHA) | |
| Source of classification or shelving scheme | |
| Koha item type | Book |
| 948 1# - LOCAL PROCESSING INFORMATION (OCLC); SERIES PART DESIGNATOR (RLIN) | |
| Series part designator, SPT (RLIN) | 20090421 |
| b (OCLC) | c |
| c (OCLC) | pg2032 |
| d (OCLC) | MPS |
| Withdrawn status | Lost status | Source of classification or shelving scheme | Damaged status | Not for loan | Permanent Location | Current Location | Shelving location | Date acquired | Full call number | Barcode | Date last seen | Price effective from | Koha item type | Public note |
|---|---|---|---|---|---|---|---|---|---|---|---|---|---|---|
| School of Mechanical & Manufacturing Engineering (SMME) | School of Mechanical & Manufacturing Engineering (SMME) | General Stacks | 07/13/2015 | 006.32 KOL | SMME-491 | 03/28/2018 | 07/13/2015 | Book | Rack,52-Shelf,4 |
